About time (Record no. 84561)
[ view plain ]
| 000 -LEADER | |
|---|---|
| fixed length control field | 00914cab a22002655a 4500 |
| 001 - CONTROL NUMBER | |
| control field | L158320 |
| 008 - FIXED-LENGTH DATA ELEMENTS--GENERAL INFORMATION | |
| fixed length control field | 141208e20141205xxk 000 0 eng d |
| 035 ## - SYSTEM CONTROL NUMBER | |
| System control number | (Sirsi) u158320 |
| 041 0# - LANGUAGE CODE | |
| Language code of text/sound track or separate title | eng |
| 100 1# - MAIN ENTRY--PERSONAL NAME | |
| Personal name | Sharples, John |
| 245 00 - TITLE STATEMENT | |
| Title | About time |
| 260 ## - PUBLICATION, DISTRIBUTION, ETC. | |
| Date of publication, distribution, etc. | 2014 |
| 490 ## - SERIES STATEMENT | |
| Series statement | New Law Journal |
| Volume/sequential designation | 164(7633) 5 December 2014, 15-16(2) |
| 520 ## - SUMMARY, ETC. | |
| Summary, etc. | With reference to case law outlines the pitfalls of failing to comply with a time of the essence notice even where a contract is silent on the point. |
| 590 ## - LOCAL NOTE (RLIN) | |
| Local note | KA |
| 650 24 - SUBJECT ADDED ENTRY--TOPICAL TERM | |
| Topical term or geographic name entry element | TIME OF THE ESSENCE |
| 650 24 - SUBJECT ADDED ENTRY--TOPICAL TERM | |
| Topical term or geographic name entry element | UNITED SCIENTIFIC HOLDINGS LTD V BURNLEY BC |
| 650 24 - SUBJECT ADDED ENTRY--TOPICAL TERM | |
| Topical term or geographic name entry element | SAMARENKO V DAWN HILL HOUSE LTD |
| 650 24 - SUBJECT ADDED ENTRY--TOPICAL TERM | |
| Topical term or geographic name entry element | AMPURIUS NU HOMES HOLDINGS LTD V TELFORD HOMES (CREEKSIDE) LTD |
| 650 24 - SUBJECT ADDED ENTRY--TOPICAL TERM | |
| Topical term or geographic name entry element | TENNARO LTD V MAJORARCH LTD |
| 650 24 - SUBJECT ADDED ENTRY--TOPICAL TERM | |
| Topical term or geographic name entry element | MULTI-VESTE 226 NI V NI SUMMER TOW |
| 651 #4 - SUBJECT ADDED ENTRY--GEOGRAPHIC NAME | |
| Geographic name | United Kingdom |
| Chronological subdivision | |
| 690 ## - LOCAL SUBJECT ADDED ENTRY--TOPICAL TERM (OCLC, RLIN) | |
| Topical term or geographic name as entry element | Contracts |
| 9 (RLIN) | 6232 |
| 942 ## - ADDED ENTRY ELEMENTS (KOHA) | |
| Suppress in OPAC | 0 |
| Withdrawn status | Lost status | Source of classification or shelving scheme | Damaged status | Not for loan | Home library | Current library | Shelving location | Date acquired | Total Checkouts | Full call number | Barcode | Date last seen | Copy number | Price effective from | Koha item type |
|---|---|---|---|---|---|---|---|---|---|---|---|---|---|---|---|
| Dewey Decimal Classification | London | London | Journal article | 08/12/2014 | L158320 | 158320-1001 | 06/08/2019 | 1 | 06/08/2019 | Journal article |